General Knowledge Quiz #94 - Statistics

General Stats
  • This quiz has been taken 123,342 times
    103,682 since last reset
  • The average score is 13 of 20
Answer Stats
Question Answer % Correct
If you have insomnia, what can't you do? Sleep
98%
What war's last casualty was Henry Gunther, who died at 10:59 a.m, November 11, 1918 – just one minute before the official armistice? WWI
91%
What industry has four "capitals" – New York, London, Paris, and Milan? Fashion
90%
What geologic period came after the Triassic? Jurassic
89%
What type of creature are Smaug and Puff? Dragon
77%
In what country is Papadopoulos the most common family name? Greece
74%
What musical artist was known as "The Purple One"? Prince
74%
What chemical is often added to tap water in order to reduce tooth decay? Fluoride
72%
If you land at John Lennon airport, what city are you in? Liverpool
71%
What giant beast was kidnapped from Skull Island? King Kong
70%
What dessert's ingredients include lady fingers, coffee, mascarpone, and cocoa? Tiramisu
64%
Which book of the Bible is about the Jews leaving Egypt and coming to the Holy Land? Exodus
62%
Who supposedly died at age 42 in 1977 – although some people aren't so sure? Elvis Presley
56%
What type of cancer kills more women than any other? Lung cancer
54%
Among the countries in Asia, which one has the most Christians? Philippines
50%
Whose quotations are collected into the most-printed book in Chinese history? Mao Zedong
46%
What disease did Tom Hanks's character have in the 1993 movie "Philadelphia"? AIDS
45%
What product once featured a much-loathed "assistant" named Clippy? Microsoft Office
42%
What country has won 3 of the 5 Olympic gold medals awarded in baseball? Cuba
34%
What sport has "Marquess of Queensberry" rules? Boxing
22%
No matching quizzes found
Score Distribution
Percent of People with Each Score
Percentile by Number Answered
Your Score History
You have not taken this quiz since the last reset